|
003 -Nazwa inst., której nr kontr. jest w polu 001 [,]
|
-
- @
- Nazwa instytucji, której n kontrolny jest w polu 001
- NUKAT
|
|
005 -DATA I CZAS OSTATNIEJ MODYFIKACJI [,]
|
-
- @
- pole kontrolne
- 20241231091455.0
|
|
020 -Międzynarod. znormalizowany nr książki - ISBN [ , ]
|
-
- a
- Numer ISBN
- 9783981067774
|
|
040 -Instytucja sporządzająca opis [ , ]
|
-
- a
- Instytucja, która sporządziła opis (NP)
- SZCZ M/HS
-
- c
- Instytucja, która sporządziła rekord (NP)
- SZCZ M/HS
-
- d
- Instytucja, która zmodyfikowała rekord (P)
- WR O/KPs
|
|
041 -Język dokumentu [1, ]
|
-
- a
- Język tekstu (P)
- niemiecki
-
- a
- Język tekstu (P)
- polski
-
- h
- Język tekstu oryginalnego i/lub pośredniego (P)
- niemiecki
-
- h
- Język tekstu oryginalnego i/lub pośredniego (P)
- polski
|
|
044 -Kraj miejsca wydania [ , ]
|
-
- a
- Kraj miejsca wydania
- Niemcy
-
- a
- Kraj miejsca wydania
- Polska
|
|
942 -Rodzaj dokumentu [ , ]
|
-
- c
- Rodzaj dokumentu
- Książka
|
|
245 -Strefa tytułu i oznaczenia odpowiedzialności [0,0]
|
-
- a
- Tytuł
- Zwangsarbeit in Pommern von 1939 bis 1950 :
-
- b
- Ciąg dalszy tytułu (NP)
- Sachstand und Perspektiven der Forschung und der historischen Bildungsarbeit in Deutschland und Polen : Dokumentation der gemeinsamen Tagung des Stadtarchivs Greifswald und des Staatsarchivs Stettin in Greifswald am 29./30. November 2012 = Praca przymusowa na Pomorzu w latach 1939-1950 : stan i perspektywy badań naukowych oraz edukacji historycznej w Polsce i w Niemczech : dokumentacja wspólnej konferencji Archiwum Miejskiego w Greifswaldzie i Archiwum Państwowego w Szczecinie, która odbyła się w Greifswaldzie w dniach 29-30 listopada 2012 r. /
-
- c
- Pozostałe elementy strefy tytułu i oznaczenia odpowiedzialności (NP)
- [Red. Paweł Gut, Uwe Kiel, Jan Macholak ; Übers. Małgorzata A. Korzeb, Przemysław Jackowski, Marta M. Matusiak].
|
|
246 -Wariant tytułu [3,1]
|
-
- a
- Tytuł (NP)
- Praca przymusowa na Pomorzu w latach 1939-1950 :
-
- b
- Ciąg dalszy tytułu (NP)
- stan i perspektywy badań naukowych oraz edukacji historycznej w Polsce i w Niemczech : dokumentacja wspólnej konferencji Archiwum Miejskiego w Greifswaldzie i Archiwum Państwowego w Szczecinie, która odbyła się w Greifswaldzie w dniach 29-30 listopada 2012 r.
|
|
246 -Wariant tytułu [1,4]
|
-
- a
- Tytuł (NP)
- Zwangsarbeit in Pommern von 1939 bis 1950 =
-
- b
- Ciąg dalszy tytułu (NP)
- Praca przymusowa na Pomorzu w latach 1939-1950
|
|
260 -Strefa adresu wydawniczego [ , ]
|
-
- a
- Miejsce wydania (P)
- Greifswald :
-
- b
- Nazwa wydawcy (P)
- Der Oberbürgermeister [etc.] ;
-
- a
- Miejsce wydania (P)
- Stettin :
-
- b
- Nazwa wydawcy (P)
- Staatsarchiv,
-
|
|
700 -Hasło dodatkowe - nazwa osobowa [1, ]
|
-
- a
- Nazwa osobowa (NP)
- Gut, Paweł.
-
- e
- Określenie rodzaju współpracy
- Red.
-
|
|
700 -Hasło dodatkowe - nazwa osobowa [1, ]
|
-
- a
- Nazwa osobowa (NP)
- Kiel, Uwe.
-
- e
- Określenie rodzaju współpracy
- Red.
-
|
|
700 -Hasło dodatkowe - nazwa osobowa [1, ]
|
-
- a
- Nazwa osobowa (NP)
- Macholak, Jan.
-
- e
- Określenie rodzaju współpracy
- Red.
-
|
|
700 -Hasło dodatkowe - nazwa osobowa [1, ]
|
-
- a
- Nazwa osobowa (NP)
- Korzeb, Małgorzata.
-
- e
- Określenie rodzaju współpracy
- Tł.
-
|
|
700 -Hasło dodatkowe - nazwa osobowa [1, ]
|
-
- a
- Nazwa osobowa (NP)
- Jackowski, Przemysław.
-
- e
- Określenie rodzaju współpracy
- Tł.
-
|
|
700 -Hasło dodatkowe - nazwa osobowa [1, ]
|
-
- a
- Nazwa osobowa (NP)
- Matusiak, Marta M.
-
- e
- Określenie rodzaju współpracy
- Tł.
-
|
|
710 -Hasło dodatkowe - nazwa ciała zbiorowego [2, ]
|
-
- a
- Nazwa ciała zbiorowego lub nazwa geograficzna jako pierwszy element (NP)
- Archiwum Państwowe (Szczecin).
-
-
|